The fourth report of the Expert Group on Future Skills Needs : (Record no. 101426)

MARC details
000 -LEADER
campo de control de longitud fija 00685cam a2200229M 4500
001 - NÚMERO DE CONTROL
campo de control 53054
005 - FECHA Y HORA DE LA ÚLTIMA TRANSACCIÓN
campo de control 20230410143426.0
008 - DATOS DE LONGITUD FIJA--INFORMACIÓN GENERAL
campo de control de longitud fija 050422s2003 ie a o000 0 eng d
035 ## - NÚMERO DE CONTROL DEL SISTEMA
Número de control de sistema (OCoLC)ocm59315209
040 ## - FUENTE DE CATALOGACIÓN
Centro catalogador/agencia de origen UKV3G
Centro/agencia transcriptor UKV3G
Centro/agencia modificador BRI
-- DRFGD
035 ## - NÚMERO DE CONTROL DEL SISTEMA
Número de control de sistema (OCoLC)59315209
049 ## - FONDOS LOCALES (OCLC)
Biblioteca depositaria GRAL
050 14 - SIGNATURA TOPOGRÁFICA DE LA BIBLIOTECA DEL CONGRESO
Número de clasificación F773f 2003
245 04 - MENCIÓN DEL TÍTULO
Título The fourth report of the Expert Group on Future Skills Needs :
Resto del título responding to Ireland's growing skill needs.
300 ## - DESCRIPCIÓN FÍSICA
Extensión [1 v.]
650 #7 - PUNTO DE ACCESO ADICIONAL DE MATERIA--TÉRMINO DE MATERIA
Término de materia o nombre geográfico como elemento de entrada Education and training
Fuente del encabezamiento o término sigle
650 #7 - PUNTO DE ACCESO ADICIONAL DE MATERIA--TÉRMINO DE MATERIA
Término de materia o nombre geográfico como elemento de entrada Labour relations
Fuente del encabezamiento o término sigle
710 2# - ENTRADA AGREGADA--NOMBRE DE ENTIDAD CORPORATIVA
Nombre de entidad corporativa o nombre de jurisdicción como elemento de entrada Forfás.
Unidad subordinada Expert Group on Future Skills Needs.
942 ## - ELEMENTOS DE ENTRADA SECUNDARIOS (KOHA)
Fuente del sistema de clasificación o colocación Clasificación de Library of Congress
Tipo de ítem Koha
946 ## - PROCESAMIENTO DE INFORMACIÓN LOCAL (OCLC)
a lmminaya
994 ## -
-- C0
-- DRFGD
Holdings
Estatus retirado Estado de pérdida Fuente del sistema de clasificación o colocación Estado de daño No para préstamo Colección Biblioteca de origen Biblioteca actual Ubicación en estantería Fecha de adquisición Signatura topográfica completa Código de barras Visto por última vez Copia número Tipo de ítem Koha
    Clasificación de Library of Congress     Automatización y Procesos Técnicos Biblioteca Juan Bosch Biblioteca Juan Bosch Automatización y Procesos Técnicos (1er. Piso) 10/04/2023 F773f 2003 00000052691 21/01/2019 1